Osobitosti vývoja rodinného podnikania na Slovensku

Vývoj rodinných podnikov na Slovensku - výsledky výskumu. Podpora podnikania, rozsah pracovného času, konflikty na pracovisku, poradné orgány, forma vzdelávania, podnikateľský plán, využívanie informačných technológií. Bariéry rozvoja rodinného podnikania. Účtovníctvo vo vlastnej réžii, zamestnávani...

ver descrição completa

Na minha lista:
Detalhes bibliográficos
Autor principal: Strážovská, Helena
Formato: Capítulo de Livro
Idioma:eslovaco
Assuntos:
Tags: Adicionar Tag
Sem tags, seja o primeiro a adicionar uma tag!

MARC

LEADER 00000naa$a2200000$$$4500
001 0008623
005 20221104095332.9
041 0 |a slo 
044 |a SK 
245 1 0 |a Osobitosti vývoja rodinného podnikania na Slovensku  |c aut. Elena Strážovská 
520 |a Vývoj rodinných podnikov na Slovensku - výsledky výskumu. Podpora podnikania, rozsah pracovného času, konflikty na pracovisku, poradné orgány, forma vzdelávania, podnikateľský plán, využívanie informačných technológií. Bariéry rozvoja rodinného podnikania. Účtovníctvo vo vlastnej réžii, zamestnávanie vlastného právnika. Osobitosti vývoja rodinného podnikania. Príspevok z riešeného Projektu VEGA č. 1/7279/20 (59). 
610 2 0 |a podnikanie rodinné 
610 2 0 |a politika podnikania 
610 2 0 |a Slovensko 
610 2 0 |a výskum 
610 2 0 |a projekty 
100 1 |a Strážovská, Helena